[Event "Titled Tue 10th Jun Early"]
[Site "chess.com INT"]
[Date "2025.06.10"]
[Round "3"]
[White "Karvatskyi, Oleksii"]
[Black "De Sousa, Antonio Micaias Silva"]
[Result "0-1"]
[WhiteTitle "CM"]
[WhiteElo "2258"]
[BlackElo "2007"]
[WhiteFideId "14191059"]
[BlackFideId "22798528"]
[EventDate "2025.06.10"]

1. Nc3 d5 2. e4 d4 3. Nce2 c5 4. Ng3 Nc6 5. f4 g6 6. Bc4 Bg7 7. Nf3 e6 8. O-O
Nge7 9. d3 O-O 10. Ng5 h6 11. f5 exf5 12. Nxf7 Rxf7 13. exf5 Nd5 14. fxg6 Rxf1+
15. Qxf1 Be6 16. Ne4 Qe7 17. Bd2 Rf8 18. Qe2 Nf4 19. Bxf4 Rxf4 20. g3 Rf8 21.
Rf1 Rxf1+ 22. Kxf1 Bxc4 23. dxc4 Be5 24. Qh5 Kg7 25. Kg2 b6 26. Qf5 Bf6 27. g4
Ne5 28. Ng3 Nxg6 29. Nh5+ Kf7 30. Qd5+ Qe6 31. Qb7+ Be7 32. Qf3+ Kg8 33. Qa8+
Bf8 0-1

[Event "Titled Tue 10th Jun Early"]
[Site "chess.com INT"]
[Date "2025.06.10"]
[Round "3"]
[White "Iljin, Timofey"]
[Black "Neustroev, Victor"]
[Result "1-0"]
[WhiteTitle "IM"]
[BlackTitle "FM"]
[WhiteElo "2242"]
[BlackElo "2283"]
[WhiteFideId "14110180"]
[BlackFideId "4144147"]
[EventDate "2025.06.10"]

1. e4 c5 2. Nc3 e6 3. g3 Nc6 4. Bg2 Nf6 5. d3 Be7 6. Nge2 O-O 7. O-O d5 8. exd5
exd5 9. Bg5 d4 10. Bxf6 Bxf6 11. Ne4 Be7 12. Re1 f5 13. Nd2 Be6 14. Nf4 Bf7 15.
Ne6 Bxe6 16. Rxe6 Qd7 17. Qe2 Bf6 18. Re1 Nd8 19. Re8 Rxe8 20. Qxe8+ Qxe8 21.
Rxe8+ Kf7 22. Rh8 h6 23. Bxb7 Rb8 24. Bd5+ Ke7 25. Nc4 a5 26. a4 f4 27. Kg2 fxg3
28. hxg3 Rb4 29. b3 Nf7 30. Bxf7 Kxf7 31. Nxa5 Rb6 32. Nc4 Re6 33. Rc8 Be7 34.
a5 1-0

[Event "Titled Tue 10th Jun Early"]
[Site "chess.com INT"]
[Date "2025.06.10"]
[Round "3"]
[White "Cruz, Bitia"]
[Black "Mikhailova, Irina"]
[Result "0-1"]
[WhiteTitle "WCM"]
[BlackTitle "WGM"]
[WhiteElo "1696"]
[BlackElo "2143"]
[WhiteFideId "8400644"]
[BlackFideId "4109040"]
[EventDate "2025.06.10"]

1. e4 c5 2. Nf3 Nc6 3. d4 cxd4 4. Nxd4 e5 5. Nxc6 bxc6 6. Nc3 Nf6 7. Be3 Be7 8.
h3 d5 9. exd5 cxd5 10. Bd2 O-O 11. Be2 Bb7 12. O-O d4 13. Nb1 Qd5 14. Bf3 e4 15.
Bg4 Nxg4 16. Qxg4 f5 17. Qg3 Bd6 18. f4 Rf6 19. Be1 e3 20. Qf3 Qb5 21. Qe2 Qxe2 0-1

[Event "Titled Tue 10th Jun Early"]
[Site "chess.com INT"]
[Date "2025.06.10"]
[Round "3"]
[White "Manvelyan, Mikayel"]
[Black "Erigaisi, Arjun"]
[Result "0-1"]
[WhiteTitle "FM"]
[BlackTitle "GM"]
[WhiteElo "2362"]
[BlackElo "2782"]
[WhiteFideId "13310143"]
[BlackFideId "35009192"]
[EventDate "2025.06.10"]

1. e4 b6 2. d4 Bb7 3. Nc3 e6 4. a3 Nf6 5. Bd3 d5 6. exd5 Nxd5 7. Nxd5 Qxd5 8.
Nf3 Nc6 9. O-O Nxd4 10. Be2 Nxf3+ 11. Bxf3 Qxd1 12. Bxd1 O-O-O 13. Be2 Be7 14.
Be3 Bf6 15. c3 Rd7 16. a4 a5 17. Bb5 Rd6 18. Rfe1 Rhd8 19. h3 h6 20. Bf4 Rd5 21.
Be3 Bg5 22. Bd4 Bf6 23. Bxf6 gxf6 24. Re3 Rd1+ 25. Rxd1 Rxd1+ 26. Kh2 Rd2 27.
Rg3 c6 28. Bc4 Rxb2 29. Rg8+ Kc7 30. Rg7 b5 31. Rxf7+ Kb6 32. Bxe6 Rxf2 33. Kg1
Rc2 34. Rxf6 bxa4 35. Rxh6 a3 36. h4 a2 37. Bxa2 Rxa2 38. h5 a4 39. Rh8 c5 40.
Rg8 a3 41. h6 Be4 42. Rg4 Re2 43. Rg8 a2 0-1

[Event "Titled Tue 10th Jun Early"]
[Site "chess.com INT"]
[Date "2025.06.10"]
[Round "3"]
[White "Ohanyan, Emin"]
[Black "Vandan Alankar Sawai"]
[Result "1-0"]
[WhiteTitle "GM"]
[BlackTitle "CM"]
[WhiteElo "2491"]
[BlackElo "1955"]
[WhiteFideId "13312022"]
[BlackFideId "25973096"]
[EventDate "2025.06.10"]

1. e4 e5 2. Nf3 Nc6 3. Bc4 Nf6 4. Ng5 d5 5. exd5 Na5 6. Bb5+ c6 7. dxc6 bxc6 8.
Bd3 Nd5 9. h4 h6 10. Qh5 Qf6 11. Nh7 Rxh7 12. Bxh7 g6 13. Qe2 Nf4 14. Qf3 Bb7
15. Nc3 c5 16. Ne4 Qf5 17. d3 O-O-O 18. Bxf4 exf4 19. O-O-O Nc6 20. h5 Nd4 21.
Qh3 Qxh3 22. gxh3 f5 23. Bxg6 fxe4 24. Bxe4 Be7 25. c3 Nf3 26. Bxb7+ Kxb7 27. d4
cxd4 28. Rd3 Ne5 29. Rxd4 Rxd4 30. cxd4 Nd3+ 31. Kc2 Nxf2 32. Rf1 Nxh3 33. Rf3
Ng5 34. Rxf4 Kc6 35. Kd3 Ne6 36. Re4 Kd6 37. Kc4 Bf6 38. d5 Nc7 39. Re2 Bg5 40.
Re1 Bh4 41. Rg1 Bg5 42. Rxg5 hxg5 43. h6 1-0

[Event "Titled Tue 10th Jun Early"]
[Site "chess.com INT"]
[Date "2025.06.10"]
[Round "3"]
[White "Pham, Le Thao Nguyen"]
[Black "Shymanskyi, Oleksandr"]
[Result "0-1"]
[WhiteTitle "IM"]
[BlackTitle "FM"]
[WhiteElo "2357"]
[BlackElo "2218"]
[WhiteFideId "12401226"]
[BlackFideId "14168880"]
[EventDate "2025.06.10"]

1. d4 Nf6 2. c4 e6 3. Nf3 Bb4+ 4. Bd2 a5 5. e3 d5 6. Bd3 O-O 7. O-O b6 8. cxd5
exd5 9. Bxb4 axb4 10. Qc2 Ba6 11. Ne5 Bxd3 12. Nxd3 Na6 13. Nd2 c5 14. b3 Rc8
15. Rfc1 c4 16. bxc4 dxc4 17. Qa4 cxd3 18. Qxa6 Rc3 19. Nb3 Qc8 20. Qb5 Ne4 21.
f3 Rxc1+ 22. Rxc1 Qxc1+ 23. Nxc1 d2 24. Qf1 Nc3 0-1

[Event "Titled Tue 10th Jun Early"]
[Site "chess.com INT"]
[Date "2025.06.10"]
[Round "3"]
[White "Madi, Aidana"]
[Black "Cornelisse, Lorelei"]
[Result "0-1"]
[WhiteTitle "WFM"]
[BlackTitle "WFM"]
[WhiteElo "1899"]
[BlackElo "2138"]
[WhiteFideId "13722689"]
[BlackFideId "1087177"]
[EventDate "2025.06.10"]

1. e4 e5 2. Nf3 Nc6 3. d4 exd4 4. Nxd4 Nf6 5. Nc3 Nxe4 6. Nxe4 Qe7 7. Bd3 Nxd4
8. O-O d5 9. Bg5 f6 10. Qh5+ Qf7 11. Nxf6+ gxf6 12. Qh4 Nf3+ 13. gxf3 fxg5 14.
Qd4 Bg7 15. Rfe1+ Kf8 16. Qc5+ Kg8 17. Kg2 Bh3+ 18. Kg3 Qf4+ 19. Kxh3 Qxf3# 0-1

[Event "Titled Tue 10th Jun Early"]
[Site "chess.com INT"]
[Date "2025.06.10"]
[Round "3"]
[White "Rasch, Holger"]
[Black "Arkell, Keith C"]
[Result "1-0"]
[WhiteTitle "FM"]
[BlackTitle "GM"]
[WhiteElo "2246"]
[BlackElo "2343"]
[WhiteFideId "4615670"]
[BlackFideId "400270"]
[EventDate "2025.06.10"]

1. e4 c6 2. d4 d5 3. exd5 cxd5 4. Bd3 Nc6 5. c3 Nf6 6. h3 g6 7. Nf3 Bf5 8. Bxf5
gxf5 9. Qb3 Qb6 10. Bf4 Rg8 11. O-O e6 12. Nbd2 Qxb3 13. axb3 a6 14. b4 Rc8 15.
Nb3 Ne4 16. Nfd2 Kd7 17. Nxe4 fxe4 18. Nc5+ Bxc5 19. bxc5 h5 20. Rfb1 f6 21. b3
e5 22. dxe5 fxe5 23. Bg3 Ke6 24. Re1 Rg6 25. Rad1 Rcg8 26. Kh1 h4 27. Bxh4 Rxg2
28. Bg3 R2xg3 29. fxg3 Rxg3 30. Kh2 Rxc3 31. Rg1 Rxc5 32. Rg6+ Kf5 33. Rd6 d4
34. Rf1+ Kg5 35. h4+ Kh5 36. Rf5+ Kg4 37. Rg5+ Kf3 38. Rf6+ Ke3 39. Rg3+ Kd2 40.
Rf2+ Ke1 41. Ra2 Rc2+ 42. Rxc2 1-0

[Event "Titled Tue 10th Jun Early"]
[Site "chess.com INT"]
[Date "2025.06.10"]
[Round "3"]
[White "Gilfanov, Marat I"]
[Black "Molina Sumoza, Jesus Alberto"]
[Result "1-0"]
[WhiteTitle "FM"]
[BlackTitle "CM"]
[WhiteElo "2343"]
[BlackElo "2025"]
[WhiteFideId "34372164"]
[BlackFideId "3901874"]
[EventDate "2025.06.10"]

1. e4 c5 2. Nf3 e6 3. c3 Nf6 4. e5 Nd5 5. d4 cxd4 6. cxd4 b6 7. Bd3 Bb7 8. O-O
Na6 9. Nc3 Nac7 10. Qe2 Nxc3 11. bxc3 Be7 12. Bd2 Rc8 13. g3 O-O 14. h4 h6 15.
a4 a6 16. Bc2 b5 17. Qd3 g6 18. Bxh6 Nd5 19. Bd2 Qc7 20. h5 Nxc3 21. Rac1 Ba3
22. hxg6 Bxc1 23. g7 Be4 24. gxf8=Q+ Kxf8 25. Qxc3 Qxc3 26. Bxc3 Bxf3 27. Bb4+
Kg7 28. Rxc1 Be4 29. Bc5 Bd5 30. axb5 Rh8 31. f3 Bxf3 32. Kf2 Bb7 33. bxa6 Rh2+
34. Ke3 Bxa6 35. Be4 Re2+ 36. Kf3 Rb2 37. Rh1 Be2+ 38. Kf4 Bd1 39. Be7 1-0

[Event "Titled Tue 10th Jun Early"]
[Site "chess.com INT"]
[Date "2025.06.10"]
[Round "3"]
[White "Pein, Jonathan"]
[Black "Sindarov, Islombek"]
[Result "0-1"]
[WhiteTitle "FM"]
[BlackTitle "CM"]
[WhiteElo "2226"]
[BlackElo "2129"]
[WhiteFideId "417092"]
[BlackFideId "14205475"]
[EventDate "2025.06.10"]

1. d4 Nf6 2. Nc3 g6 3. e4 d6 4. Bg5 Bg7 5. e5 dxe5 6. dxe5 Qxd1+ 7. Rxd1 Nfd7 8.
Nd5 Bxe5 9. Nxe7 f6 10. Nxc8 fxg5 11. Nf3 Bf6 12. Bb5 Kd8 13. O-O Kxc8 14. Rfe1
g4 15. Nd4 Bxd4 16. Rxd4 c6 17. Bc4 Kc7 18. Re7 h5 19. Be6 Rd8 20. Rg7 c5 21.
Rd3 Kc6 22. Bd5+ Kc7 23. Be6 Re8 24. Rxg6 Nf8 25. Rg7+ Nbd7 0-1

[Event "Titled Tue 10th Jun Early"]
[Site "chess.com INT"]
[Date "2025.06.10"]
[Round "3"]
[White "Golsta, Madara"]
[Black "Suvradeepta, Das"]
[Result "0-1"]
[BlackTitle "FM"]
[WhiteElo "2008"]
[BlackElo "2230"]
[WhiteFideId "11607386"]
[BlackFideId "5058031"]
[EventDate "2025.06.10"]

1. e4 c6 2. d4 d5 3. exd5 cxd5 4. c4 Nf6 5. Nc3 g6 6. Bg5 Bg7 7. Bxf6 Bxf6 8.
cxd5 Bg7 9. Nf3 O-O 10. Bc4 Nd7 11. O-O Nb6 12. Bb3 Bg4 13. h3 Bxf3 14. gxf3 Rc8
15. Qd3 Qd7 16. Kg2 Bf6 17. Rfe1 Rfd8 18. Re2 Kg7 19. Rae1 Qc7 20. a4 a6 21. a5
Nc4 22. Bxc4 Qxc4 23. Qxc4 Rxc4 24. Re4 Kf8 25. Kg3 Rxd4 26. Rxd4 Bxd4 27. Rd1
Be5+ 28. f4 Bf6 29. Ne4 Bxb2 30. Rb1 Bd4 31. Rxb7 Rxd5 32. Ng5 h6 33. Nf3 Bf6 0-1

[Event "Titled Tue 10th Jun Early"]
[Site "chess.com INT"]
[Date "2025.06.10"]
[Round "3"]
[White "Winkels, Marcel"]
[Black "Murawski, Jan"]
[Result "0-1"]
[WhiteTitle "CM"]
[BlackTitle "CM"]
[WhiteElo "1905"]
[BlackElo "2164"]
[WhiteFideId "1003887"]
[BlackFideId "21009287"]
[EventDate "2025.06.10"]

1. e4 g6 2. d4 Bg7 3. Nc3 c5 4. Nf3 Qa5 5. Be3 Nf6 6. h3 Nxe4 7. Be2 Nxc3 8. Qd2
cxd4 9. Nxd4 Nxe2 10. Qxa5 Nxd4 11. O-O-O Nbc6 12. Qd5 Ne6 13. h4 h5 14. f3 d6
15. g4 Nc7 16. Qe4 Be6 17. Kb1 O-O-O 18. g5 d5 19. Qa4 d4 20. Bf4 Nd5 21. Bc1
Nb6 22. Qb5 Rd5 23. Qe2 Rhd8 24. Rhe1 Ra5 25. b3 Nd5 26. Bb2 Bf5 0-1

[Event "Titled Tue 10th Jun Early"]
[Site "chess.com INT"]
[Date "2025.06.10"]
[Round "3"]
[White "Matskevich, Varvara"]
[Black "Sayce, Hannah"]
[Result "0-1"]
[WhiteTitle "WFM"]
[BlackTitle "WCM"]
[WhiteElo "1911"]
[BlackElo "1877"]
[WhiteFideId "13523465"]
[BlackFideId "3250695"]
[EventDate "2025.06.10"]

1. e4 c5 2. Nf3 d6 3. d4 cxd4 4. Nxd4 Nf6 5. Nc3 a6 6. a4 e5 7. Nf3 Be7 8. Bc4
O-O 9. O-O Qc7 10. Bb3 h6 11. h3 Nbd7 12. Be3 Nc5 13. Bd5 Rb8 14. a5 Be6 15. b4
Ncd7 16. Ra3 Rfc8 17. Bxe6 fxe6 18. Qd3 d5 19. exd5 Bxb4 20. dxe6 Bxa3 21. exd7
Qxd7 22. Qxd7 Nxd7 23. Ne4 Rxc2 24. Rd1 Nf6 25. Nd6 Rd8 26. Nxe5 Rxd6 0-1

[Event "Titled Tue 10th Jun Early"]
[Site "chess.com INT"]
[Date "2025.06.10"]
[Round "3"]
[White "Bacus, Dharim"]
[Black "Dziththauly Ramadhan"]
[Result "0-1"]
[WhiteTitle "FM"]
[BlackTitle "CM"]
[WhiteElo "2131"]
[BlackElo "2171"]
[WhiteFideId "5201527"]
[BlackFideId "7105525"]
[EventDate "2025.06.10"]

1. e4 c5 2. Nf3 d6 3. d4 cxd4 4. Nxd4 Nf6 5. Nc3 a6 6. Bg5 e6 7. f4 h6 8. Bh4
Qb6 9. Qd2 Be7 10. O-O-O Nbd7 11. Qe1 Qc7 12. g4 b5 13. g5 hxg5 14. fxg5 Ng4 15.
Bh3 Nge5 16. Bxe6 Nf3 17. Qf2 Nde5 18. Bxc8 Nxd4 19. Rxd4 Rxc8 20. Nd5 Qc5 21.
Nxe7 Kxe7 22. g6+ f6 23. c3 Rxh4 24. Qxh4 Qxd4 25. Rd1 Qe3+ 26. Kb1 b4 27. Qh7
bxc3 28. Qxg7+ Ke6 29. Rxd6+ Kxd6 30. Qxf6+ Kd7 31. Qg7+ Kc6 32. Qf6+ Kb7 33.
Qe7+ Ka8 0-1

[Event "Titled Tue 10th Jun Early"]
[Site "chess.com INT"]
[Date "2025.06.10"]
[Round "3"]
[White "Kovalenko, Igor"]
[Black "Avramidou, Anastasia"]
[Result "1/2-1/2"]
[WhiteTitle "GM"]
[BlackTitle "FM"]
[WhiteElo "2676"]
[BlackElo "2294"]
[WhiteFideId "14117908"]
[BlackFideId "4239873"]
[EventDate "2025.06.10"]

1. d4 Nf6 2. Nc3 e6 3. e4 d5 4. e5 Nfd7 5. f4 c5 6. Nf3 Nc6 7. Ne2 Be7 8. c3 b6
9. Be3 a5 10. h4 Ba6 11. Kf2 Qc7 12. Kg3 f6 13. Rc1 O-O-O 14. a3 h6 15. h5 Rdg8
16. b4 g5 17. hxg6 Rxg6+ 18. Kf2 fxe5 19. dxe5 Rf8 20. Qa4 Ndxe5 21. fxe5 Nxe5
22. Ke1 Nd3+ 23. Kd2 Nxc1 24. Kxc1 cxb4 25. Qc2 Rgg8 26. axb4 axb4 27. Rxh6 Bxe2
28. Bxe2 Qxc3 29. Rxe6 Bc5 30. Qxc3 bxc3 31. Bxc5 bxc5 32. Rc6+ Kb7 33. Rxc5
Rxg2 34. Bd1 c2 35. Rxc2 Rxc2+ 36. Kxc2 Rxf3 37. Bxf3 Kb6 38. Bxd5 1/2-1/2

[Event "Titled Tue 10th Jun Early"]
[Site "chess.com INT"]
[Date "2025.06.10"]
[Round "3"]
[White "Allahverdiyeva, Ayan"]
[Black "Kislinsky, Alexey"]
[Result "0-1"]
[WhiteTitle "WIM"]
[BlackTitle "GM"]
[WhiteElo "2308"]
[BlackElo "2341"]
[WhiteFideId "13412590"]
[BlackFideId "14108801"]
[EventDate "2025.06.10"]

1. d4 Nf6 2. Nf3 e6 3. c4 d5 4. Nc3 c6 5. e3 Be7 6. b3 Nbd7 7. Bb2 O-O 8. Bd3 b6
9. Qc2 Bb7 10. cxd5 exd5 11. O-O Re8 12. a3 Rc8 13. b4 Bd6 14. Rac1 Nf8 15. Qb1
Ng6 16. Rfd1 Rc7 17. b5 c5 18. dxc5 bxc5 19. Na4 Qe7 20. Bc3 Rcc8 21. b6 a6 22.
Bf5 Rc6 23. Bxf6 gxf6 24. Rxd5 c4 25. Nd4 Rc5 26. Rxc5 Bxc5 27. Nxc5 Qxc5 28.
Qb4 Qd5 29. Bh3 Ne5 30. Nf5 Nd3 31. Qxc4 h5 32. Qxd5 Bxd5 33. f3 Nxc1 34. e4 Bc6
35. Nd6 Rb8 36. Nc4 Bb5 0-1

[Event "Titled Tue 10th Jun Early"]
[Site "chess.com INT"]
[Date "2025.06.10"]
[Round "3"]
[White "Ejsymont, Blanka"]
[Black "Tikhonov, Viacheslav"]
[Result "0-1"]
[WhiteTitle "WCM"]
[BlackTitle "CM"]
[WhiteElo "1984"]
[BlackElo "2183"]
[WhiteFideId "21088268"]
[BlackFideId "44196407"]
[EventDate "2025.06.10"]

1. e4 c5 2. Nf3 Nc6 3. g3 g6 4. Bg2 Bg7 5. d3 e5 6. O-O Nge7 7. Nbd2 O-O 8. Nc4
d6 9. a4 h6 10. Be3 Be6 11. Nfd2 b6 12. f4 d5 13. exd5 Bxd5 14. Ne4 f5 15. Ned6
Bxg2 16. Kxg2 Rf6 17. fxe5 Nxe5 18. Nxe5 Qxd6 19. Bf4 Re6 20. Qf3 Qd5 21. Qxd5
Nxd5 22. Rfe1 g5 23. Kf3 gxf4 24. gxf4 Rae8 25. c4 Nxf4 26. Kxf4 Rxe5 27. Rxe5
Bxe5+ 28. Kxf5 Bxb2 29. Rg1+ Kh7 30. h4 Re3 31. Rd1 Bd4 32. h5 Re5+ 33. Kg4 Rg5+
34. Kh4 Bf2+ 35. Kh3 Rxh5+ 36. Kg4 Rg5+ 37. Kf4 Bd4 38. Ke4 Re5+ 39. Kf4 Re7 40.
Kf5 Kg7 41. Rg1+ Bxg1 0-1

[Event "Titled Tue 10th Jun Early"]
[Site "chess.com INT"]
[Date "2025.06.10"]
[Round "3"]
[White "Agarwal, Amaya"]
[Black "Mihajlovskij, Sergei"]
[Result "0-1"]
[WhiteTitle "WCM"]
[WhiteElo "2004"]
[BlackElo "2292"]
[WhiteFideId "48733580"]
[BlackFideId "13500805"]
[EventDate "2025.06.10"]

1. e4 d5 2. exd5 Qxd5 3. Nc3 Qe5+ 4. Be2 Bg4 5. d4 Bxe2 6. dxe5 Bxd1 7. Nxd1 Nc6
8. Nf3 e6 9. O-O Nge7 10. Bg5 Ng6 11. Re1 Bc5 12. a3 h6 13. Bh4 a5 14. Bg3 O-O-O
15. Nc3 Nd4 16. Nxd4 Bxd4 17. Nb5 Bxb2 18. Rab1 Bd4 19. c3 Bc5 20. Re4 b6 21.
Kf1 Kb7 22. Rc4 Rd5 23. f4 Rc8 24. a4 Ne7 25. Bf2 Bxf2 26. Kxf2 h5 27. Rc1 Nf5
28. h3 h4 29. Kg1 c6 30. Nd4 Ne3 31. Nxc6 Rxc6 32. Rxc6 Kxc6 33. Kf2 Nc4 34. Kf3
Rd3+ 35. Kg4 Rg3+ 36. Kxh4 Rxg2 37. Rd1 Ne3 38. Re1 Nf5+ 39. Kh5 g6# 0-1

[Event "Titled Tue 10th Jun Early"]
[Site "chess.com INT"]
[Date "2025.06.10"]
[Round "3"]
[White "Brenke, Andreas"]
[Black "Ugorek, Kacper"]
[Result "0-1"]
[WhiteTitle "FM"]
[BlackTitle "CM"]
[WhiteElo "2349"]
[BlackElo "2262"]
[WhiteFideId "4602900"]
[BlackFideId "21890676"]
[EventDate "2025.06.10"]

1. d4 Nf6 2. c4 g6 3. Nc3 Bg7 4. e4 d6 5. Be2 O-O 6. h4 e5 7. d5 a5 8. h5 Na6 9.
h6 Bh8 10. Be3 Nc5 11. Qc2 Ne8 12. g4 Bf6 13. Nh3 Be7 14. O-O-O b6 15. Kb1 Kh8
16. Qd2 Bd7 17. f4 f6 18. g5 exf4 19. Bxf4 fxg5 20. Bxg5 Bxh3 21. Bxe7 Qxe7 22.
Rxh3 Nf6 23. Bf3 Nfd7 24. Bg4 Ne5 25. Be2 Rf2 26. Qe3 Raf8 27. Rg3 Qf6 28. Ka1
Qf4 29. Qxf4 R8xf4 30. Re3 Rh2 31. b3 Rxh6 32. Nb5 Rf7 0-1

[Event "Titled Tue 10th Jun Early"]
[Site "chess.com INT"]
[Date "2025.06.10"]
[Round "3"]
[White "Gelman, Alexander"]
[Black "Sargsyan, Shant"]
[Result "0-1"]
[WhiteTitle "IM"]
[BlackTitle "GM"]
[WhiteElo "2403"]
[BlackElo "2669"]
[WhiteFideId "4118316"]
[BlackFideId "13306766"]
[EventDate "2025.06.10"]

1. d4 g6 2. Nc3 Nf6 3. e4 d5 4. e5 Ne4 5. Nce2 f6 6. f3 Ng5 7. Be3 Nf7 8. exf6
exf6 9. Qd2 Nc6 10. O-O-O Bd6 11. h4 Be6 12. Nf4 Qd7 13. Nxe6 Qxe6 14. Ne2 Ne7
15. Nf4 Qd7 16. g4 O-O-O 17. Qa5 Kb8 18. Rd3 Nc6 19. Qd2 Bb4 20. Qf2 Rhe8 21.
Rb3 Ba5 22. Bb5 Bb6 23. Nd3 Nd6 24. Bxc6 Qxc6 25. Nb4 Qa4 26. Kb1 Nc4 27. Bf4 a5
28. Nd3 Bxd4 29. Qh2 Re7 30. Rd1 Qc6 31. a3 Be5 32. Bxe5 fxe5 33. h5 e4 34. Nf4
e3 35. hxg6 hxg6 36. Ne2 Nd2+ 0-1

[Event "Titled Tue 10th Jun Early"]
[Site "chess.com INT"]
[Date "2025.06.10"]
[Round "3"]
[White "Tiitta, Sauli"]
[Black "Kornienko, Konstantin"]
[Result "0-1"]
[BlackTitle "CM"]
[WhiteElo "2157"]
[BlackElo "2141"]
[WhiteFideId "502251"]
[BlackFideId "34400419"]
[EventDate "2025.06.10"]

1. g4 e5 2. d4 exd4 3. Nf3 Nc6 4. Nxd4 Bc5 5. Be3 Qf6 6. c3 Ne5 7. g5 Qb6 8. b4
Bf8 9. Bh3 d5 10. Bxc8 Rxc8 11. Nd2 Qa6 12. b5 Qa3 13. Qb3 Qd6 14. Rg1 Ne7 15.
f4 Nd7 16. O-O-O Nc5 17. Qc2 a6 18. N2b3 Ne4 19. c4 Qa3+ 20. Kb1 c5 21. bxc6
bxc6 22. f5 Qb4 23. f6 gxf6 24. gxf6 Ng6 25. Ka1 Bd6 26. Nf5 Be5+ 27. Bd4 dxc4
28. Bxe5 cxb3 29. Ng7+ Kf8 0-1

[Event "Titled Tue 10th Jun Early"]
[Site "chess.com INT"]
[Date "2025.06.10"]
[Round "3"]
[White "Buscar, Michael"]
[Black "Dubnevych, Maksym"]
[Result "0-1"]
[BlackTitle "FM"]
[WhiteElo "2016"]
[BlackElo "2296"]
[WhiteFideId "2603616"]
[BlackFideId "14184001"]
[EventDate "2025.06.10"]

1. d4 c5 2. c3 cxd4 3. cxd4 Nf6 4. Nf3 d5 5. Bg5 Nc6 6. e3 Bf5 7. Bd3 Bxd3 8.
Qxd3 e6 9. O-O h6 10. Bxf6 Qxf6 11. Qb5 Qe7 12. Ne5 Qb4 13. Qxb4 Bxb4 14. Nxc6
bxc6 15. a3 Bd6 16. Rc1 Kd7 17. Nd2 Rhb8 18. Rc2 a5 19. Rac1 Ra6 20. g3 a4 21.
Nf3 f6 22. Ne1 Rb3 23. Rc3 Rxb2 24. Nd3 Rb3 25. Kf1 Bxa3 26. R1c2 Bd6 27. Ke2 a3
28. Rxb3 a2 29. Rxa2 Rxa2+ 30. Kf3 Ra7 31. h4 e5 32. dxe5 fxe5 33. Kg4 c5 34.
Rc3 c4 35. Ne1 Bb4 36. Rc1 Bxe1 37. Rxe1 Ke6 38. Kf3 e4+ 39. Ke2 Ra2+ 40. Kf1 c3
41. Rc1 Ra3 42. Ke2 Kd6 43. Rc2 Kc5 44. f3 Kc4 45. fxe4 dxe4 46. g4 Kb3 47. Rc1
Ra2+ 48. Ke1 Kc4 0-1

[Event "Titled Tue 10th Jun Early"]
[Site "chess.com INT"]
[Date "2025.06.10"]
[Round "3"]
[White "Carrasco Miranda, Andres"]
[Black "Buchenau, Frank"]
[Result "1-0"]
[WhiteTitle "CM"]
[BlackTitle "FM"]
[WhiteElo "2211"]
[BlackElo "2205"]
[WhiteFideId "3405990"]
[BlackFideId "4604350"]
[EventDate "2025.06.10"]

1. Nf3 Nf6 2. c4 e6 3. g3 b6 4. Bg2 Bb7 5. O-O Be7 6. d4 O-O 7. Nc3 Ne4 8. Nxe4
Bxe4 9. Ne5 Bxg2 10. Kxg2 d6 11. Nd3 Nd7 12. e3 c5 13. Qf3 Qc7 14. b3 a6 15. Bb2
b5 16. Rac1 Rab8 17. h4 bxc4 18. Rxc4 d5 19. Rc2 Qa5 20. dxc5 Nxc5 21. Nxc5 Bxc5
22. Qg4 g6 23. h5 Ba3 24. Bc3 Bb4 25. Bf6 d4 26. hxg6 hxg6 27. Rh1 1-0

[Event "Titled Tue 10th Jun Early"]
[Site "chess.com INT"]
[Date "2025.06.10"]
[Round "3"]
[White "Wyss, Jonas"]
[Black "Bodemar, Jonathan"]
[Result "1-0"]
[WhiteTitle "FM"]
[BlackTitle "CM"]
[WhiteElo "2278"]
[BlackElo "2150"]
[WhiteFideId "1311387"]
[BlackFideId "6205488"]
[EventDate "2025.06.10"]

1. e4 e6 2. d4 d5 3. exd5 exd5 4. Nf3 c5 5. Bb5+ Nc6 6. O-O Be7 7. dxc5 Nf6 8.
Nc3 h6 9. Ne5 Bd7 10. Nxd7 Qxd7 11. Be3 O-O-O 12. Bd4 Ne4 13. Nxe4 dxe4 14. Bxg7
Qf5 15. Qe2 Rhg8 16. Bc3 Nd4 17. Bxd4 Rxd4 18. Rad1 Qh3 19. g3 Rxd1 20. Rxd1 1-0

[Event "Titled Tue 10th Jun Early"]
[Site "chess.com INT"]
[Date "2025.06.10"]
[Round "3"]
[White "Mohylnyi, Stepan"]
[Black "Luong Phuong Hanh"]
[Result "1-0"]
[WhiteTitle "FM"]
[BlackTitle "WIM"]
[WhiteElo "2314"]
[BlackElo "2121"]
[WhiteFideId "34127836"]
[BlackFideId "12401013"]
[EventDate "2025.06.10"]

1. e4 c5 2. Nf3 e6 3. d4 cxd4 4. Nxd4 a6 5. Nc3 Qc7 6. a3 Nf6 7. Be3 d6 8. f3
Nbd7 9. Qd2 b5 10. g4 g6 11. O-O-O Bb7 12. h4 Ne5 13. h5 gxh5 14. gxh5 Rc8 15.
Bg5 Nfd7 16. Kb1 Nb6 17. Bf6 Nec4 18. Bxc4 Nxc4 19. Qd3 Rg8 20. Rhg1 Rxg1 21.
Rxg1 Nxa3+ 22. bxa3 Qxc3 23. Qxc3 Rxc3 24. Rg8 Rc8 25. Rh8 d5 26. e5 h6 27. f4
Kd7 28. Rh7 Ke8 29. Nxe6 fxe6 30. Rxb7 Bxa3 31. Rh7 Bf8 32. Rh8 Kd7 33. Rh7+ Kc6
34. Ra7 Kb6 35. Rf7 d4 36. f5 exf5 37. e6 Bc5 38. e7 f4 39. Bxd4 Re8 40. Rf6+
Ka5 41. Bxc5 b4 42. Rf8 1-0

[Event "Titled Tue 10th Jun Early"]
[Site "chess.com INT"]
[Date "2025.06.10"]
[Round "3"]
[White "Zhukovskyi, Oleksandr"]
[Black "Yeganegi, Barad"]
[Result "0-1"]
[WhiteTitle "CM"]
[BlackTitle "FM"]
[WhiteElo "2145"]
[BlackElo "2400"]
[WhiteFideId "14169371"]
[BlackFideId "42516340"]
[EventDate "2025.06.10"]

1. b3 d5 2. Bb2 Bf5 3. e3 e6 4. Nf3 Nf6 5. Be2 Bd6 6. Nh4 Be4 7. d3 Bg6 8. Nxg6
hxg6 9. h3 c5 10. Nd2 Nc6 11. c4 d4 12. exd4 Nxd4 13. Bf3 Qc7 14. Ne4 Nxe4 15.
Bxe4 Be5 16. Qd2 Rd8 17. Rd1 f5 18. Bxd4 Rxd4 19. Bf3 Kf7 20. O-O Rdh4 21. Rfe1
Bh2+ 22. Kf1 Rd4 23. Qe3 e5 24. Bd5+ Kf6 25. Qf3 Bf4 26. Bxb7 g5 27. g4 fxg4 28.
hxg4 Rd6 29. Bd5 g6 30. Re4 Ra6 31. Rde1 Kg7 32. R1e2 Rh2 33. Kg1 Rh4 34. Kg2
Qd7 35. Bb7 Rf6 36. Rxf4 Rxf4 37. Qd5 Qxg4+ 0-1